Finish the Movie One-Liner - Statistics

General Stats
  • This quiz has been taken 10 times
  • The average score is 9 of 30
Answer Stats
Film Quote % Correct
The Lion King "Long {live} the king."
100%
Scarface (1973) "Say hello to my {little} friend!"
100%
Dirty Harry "You've gotta ask yourself a question. 'Do I feel {lucky}?' Well do ya, punk?"
78%
They Live "I have come here to chew {bubblegum} and kick ass. And I'm all out of {bubblegum}."
56%
Highlander "There can be only {one}!"
56%
300 "THIS IS {SPARTA}!"
56%
Lord of the Rings: The Fellowship of the Ring "You shall not {pass}!"
56%
Independence Day "Hello boys! I'm {back}!"
44%
Cobra "You're the disease and I'm the {cure}."
44%
The Rock "Do y'like the Elton John song '{Rocketman}'?""I don't like soft-ass shit." "Oh, you, oh, oh... well, I only bring it up because, uh... it's you. You're the {Rocketman}."
33%
Death Wish II "Do you believe in {Jesus}?" "Yes I do." "Well, you're gonna meet 'im."
33%
The Running Man (1987) "Drop dead!""I don't do {requests}."
22%
Silent Night, Deadly Night 2 "{Garbage} day!"
22%
Dark Angel "I come in peace.""And you go in {pieces}, asshole."
22%
Child's Play "We're friends to {the end}, remember?""This is {the end}, friend."
22%
Avengers: Age of Ultron "You're unbearably naive.""Well, I was born {yesterday}."
22%
Army of Darkness "Buckle up, {Bonehead}. 'Cause you're goin' for a ride."
11%
Tremors "Can you fly, you {sucker}!? Can you fly!?"
11%
The Matrix "{Dodge} this."
11%
The Nightmare Before Christmas "How dare you treat my friends so {shamefully}!"
11%
Casper "I got the power! I got the treasure!""And you have a {flight to catch!}"
11%
Jaws "{Smile}, you sonuva-"
11%
Blade "Some mothafuckas are always tryin' to {ice skate} uphill."
11%
Wild Wild West "That's it. No more Mr. {Knife} guy."
11%
From Dusk Till Dawn "Welcome to slavery.""No thanks, I already had a {wife}."
11%
The Outlaw Josey Wales "Well are ya gonna pull those pistols or {whistle Dixie?}"
11%
Stone Cold "Y'know in a moment like this, I remember my father's last words.""Don't son, that {gun is loaded}!"
11%
Transformers (2007) "You want a piece of me!? You want a piece!?" "No! I want {two}."
11%
Con-Air "Please... Cy-" "{onara}." "NOOOOOO!"
0%
John Carpenter's The Thing "Yeah, {fuck you too}!"
0%
No matching quizzes found
Score Distribution
Percent of People with Each Score
Percentile by Number Answered
Your Score History
You have not taken this quiz